Statistics for Countries containing J, X, Q or Z

Click here to take the quiz!

General Stats

  • This quiz has been taken 117 times
  • The average score is 21 of 27

Answer Stats

LettersAnswer% Correct
QQatar
97%
ZZimbabwe
97%
ZZambia
96%
J, ZAzerbaijan
90%
JJapan
88%
XMexico
88%
ZUzbekistan
88%
JJamaica
87%
Q, ZMozambique
84%
JJordan
82%
ZTanzania
79%
ZKazakhstan
78%
ZBrazil
75%
QEquatorial Guinea
75%
ZSwitzerland
75%
JTajikistan
75%
ZKyrgyzstan
74%
XLuxembourg
73%
ZBelize
72%
JDjibouti
71%
ZNew Zealand
70%
ZVenezuela
69%
QIraq
67%
ZSwaziland
67%
JFiji
66%
ZBosnia and Herzegovina
65%
ZCzech Republic
61%

Score Distribution

Percentile by Number Answered

Percent of People with Each Score

Your Score History

You have not taken this quiz